अध्यात्म और विज्ञान (Record no. 1052839)

MARC details
000 -LEADER
fixed length control field 00644nam a2200181Ia 4500
008 - FIXED-LENGTH DATA ELEMENTS--GENERAL INFORMATION
fixed length control field 151018s9999 xx 000 0 und d
082 ## - DEWEY DECIMAL CLASSIFICATION NUMBER
Item number RBASDV57463
Classification number 110
100 ## - MAIN ENTRY--PERSONAL NAME
Personal name शर्मा कुमार पाटील
245 ## - TITLE STATEMENT
Title अध्यात्म और विज्ञान
250 ## - EDITION STATEMENT
Remainder of edition statement 1
260 ## - PUBLICATION, DISTRIBUTION, ETC. (IMPRINT)
Name of publisher, distributor, etc गणपती
Date of publication, distribution, etc 2011
300 ## - PHYSICAL DESCRIPTION
Extent 128
600 ## - SUBJECT ADDED ENTRY--PERSONAL NAME
Personal name शर्मा कुमार पाटील
630 ## - SUBJECT ADDED ENTRY--UNIFORM TITLE
Uniform title अध्यात्म और विज्ञान
700 ## - ADDED ENTRY--PERSONAL NAME
Personal name शर्मा कुमार पाटील
730 ## - ADDED ENTRY--UNIFORM TITLE
Uniform title अध्यात्म और विज्ञान
942 ## - ADDED ENTRY ELEMENTS (KOHA)
Koha item type Book
Holdings
Withdrawn status Lost status Damaged status Not for loan Home library Current library Date acquired Cost, normal purchase price Total Checkouts Full call number Barcode Date last seen Cost, replacement price Price effective from Koha item type
        R.B. Anant Shivaji Desai Vachanalaya and Granthalaya, Kudal R.B. Anant Shivaji Desai Vachanalaya and Granthalaya, Kudal 08/02/2012 21.00   RBASDV57463 RBASDV57463 10/18/2015 21.00 10/18/2015 Book